{"text_format":"3","workbook":"xlsx","n_sheets":1,"sheets":["Sheet1"],"not_rendered":{"defined_names":1},"read":"whole","date_system":"1900"}

{"sheet":"Sheet1","index":0,"n_rows":22,"n_cols":10,"rows_kept":22,"merged":[[0,0,0,9],[1,0,1,9],[19,0,19,5],[20,0,20,5],[21,0,21,5]]}
["材料清单（厨洁具）"]
["项目名称：穆家及雅东丽都装饰装修"]
["编号","材料名称","单位","数量","规格型号","控制价单价\n（不含税）","控制价总价\n（不含税）","报价单价\n（不含税）","报价总价\n（不含税）","备注"]
[1,"浴室柜（包安装）","套",{"$f":"25*2+5","v":55},"80CM",{"v":722.935779816514,"d":"722.94"},{"$f":"D4*F4","v":{"v":39761.4678899083,"d":"39761.47"}},null,null,"符合国家相关技术规范要求"]
[2,"毛巾架（包安装）","套",55,"LT-6301A",{"v":151.376146788991,"d":"151.38"},{"$f":"D5*F5","v":{"v":8325.68807339449,"d":"8325.69"}},null,null,"符合国家相关技术规范要求"]
[3,"洗衣机龙头（包安装）","个",30,null,{"v":26.605504587156,"d":"26.61"},{"v":798.165137614679,"d":"798.17"},null,null,"符合国家相关技术规范要求"]
[4,"花洒（包安装）","套",55,"四方三档",{"v":353.211009174312,"d":"353.21"},{"v":19426.6055045872,"d":"19426.61"},null,null,"符合国家相关技术规范要求"]
[6,"烟机＋灶（包安装）","套",30,"AS512+BO522",{"v":1513.76146788991,"d":"1513.76"},{"v":45412.8440366972,"d":"45412.84"},null,null,"符合国家相关技术规范要求"]
[7,"不锈钢菜盆龙头（包安装）","个",30,1022,{"v":124.770642201835,"d":"124.77"},{"v":3743.11926605505,"d":"3743.12"},null,null,"符合国家相关技术规范要求"]
[8,"不锈钢菜盆（包安装）","个",30,"60/45",{"v":183.48623853211,"d":"183.49"},{"v":5504.5871559633,"d":"5504.59"},null,null,"符合国家相关技术规范要求"]
[9,"白色灶台砖（包安装）","m²",1180,"600*600",{"v":12.8440366972477,"d":"12.84"},{"v":15155.9633027523,"d":"15155.96"},null,null,"符合国家相关技术规范要求"]
[10,"地砖（包安装）","m²",3800,"300*300",{"v":4.86238532110092,"d":"4.86"},{"v":18477.0642201835,"d":"18477.06"},null,null,"符合国家相关技术规范要求"]
[11,"暖风机（包安装）","套",55,"300*600",{"v":275.229357798165,"d":"275.23"},{"v":15137.6146788991,"d":"15137.61"},null,null,"符合国家相关技术规范要求"]
[12,"冲水箱（包安装）","个",30,null,{"v":156.880733944954,"d":"156.88"},{"v":4706.42201834862,"d":"4706.42"},null,null,"符合国家相关技术规范要求"]
[13,"马桶（包安装）","套",25,null,{"v":482.56880733945,"d":"482.57"},{"v":12064.2201834862,"d":"12064.22"},null,null,"符合国家相关技术规范要求"]
[14,"木地板（包安装）","m²",1600,"强化复合地板,12MM厚，防潮垫，人工铺贴",{"v":70.6422018348624,"d":"70.64"},{"v":113027.52293578,"d":"113027.52"},null,null,"符合国家相关技术规范要求"]
[15,"木地板踢脚线（包安装）","m",1450,"强化复合贴脚线",{"v":6.14678899082569,"d":"6.15"},{"v":8912.84403669725,"d":"8912.84"},null,null,"符合国家相关技术规范要求"]
[16,"成品套装门（包安装）","樘",170,"复合实木套装门",{"v":807.339449541284,"d":"807.34"},{"v":137247.706422018,"d":"137247.71"},null,null,"符合国家相关技术规范要求"]
[17,"不锈钢地漏（包安装）","个",95,null,{"v":11.9266055045872,"d":"11.93"},{"v":1133.02752293578,"d":"1133.03"},null,null,"符合国家相关技术规范要求"]
["不含税合计",{"$nulls":5},{"$f":"SUM(G4:G19)","v":448834.862385321}]
["税金（税率：  %）"]
["含税合计"]